| 000 | 00855nac a22002291u 4500 | ||
|---|---|---|---|
| 010 | _a 98071721 | ||
| 020 | _a0155055240 | ||
| 082 | 0 | 0 |
_a351 _bDEN |
| 090 |
_c6439 _d6439 |
||
| 100 | _aDenhardt, Robert B. | ||
| 245 | 1 | 0 |
_aPublic administration : _ban action orientation. |
| 250 |
_a3rd ed. / _bRobert B. Denhardt with Joseph W. Grubbs. |
||
| 260 |
_aFort Worth, TX : _bHarcourt Brace College Publishers,1999 _cc1999. |
||
| 300 |
_axxi, 474 p. : _bill. ; _c25 cm. |
||
| 500 | _adistributer: Al-Ahram | ||
| 504 | _aIncludes bibliographical references (p. 429-445) and index. | ||
| 511 | _acatalogued by: wessam | ||
| 650 | 0 | _aPublic administration. | |
| 700 | 1 | _aGrubbs, Joseph W. | |
| 942 |
_cBB _k351DEN |
||
| 999 |
_c6439 _d6439 |
||